Exploring the online barter practices of traders in selected areas of Cavite / (Record no. 4620)

MARC details
000 -LEADER
fixed length control field 01423nam a22003017a 4500
003 - CONTROL NUMBER IDENTIFIER
control field OSt
005 - DATE AND TIME OF LATEST TRANSACTION
control field 20260122212307.0
008 - FIXED-LENGTH DATA ELEMENTS--GENERAL INFORMATION
fixed length control field 260122b ||||| |||| 00| 0 eng d
040 ## - CATALOGING SOURCE
Language of cataloging English.
Transcribing agency CvSU-CCAT Campus Library.
Description conventions rda.
050 ## - LIBRARY OF CONGRESS CALL NUMBER
Classification number UM HF 5548.32
Item number D43 2023
100 ## - MAIN ENTRY--PERSONAL NAME
Personal name De Castro, Mitz May D., author.
9 (RLIN) 18255
245 ## - TITLE STATEMENT
Title Exploring the online barter practices of traders in selected areas of Cavite /
Statement of responsibility, etc. Mitz May D. De Castro, Jay Ann G. Fajardo, Leenshey G. Sarique.
260 ## - PUBLICATION, DISTRIBUTION, ETC.
Place of publication, distribution, etc. Rosario, Cavite :
Name of publisher, distributor, etc. Cavite State University-CCAT Campus,
Date of publication, distribution, etc. 2023.
300 ## - PHYSICAL DESCRIPTION
Extent viii, 82 leaves :
Other physical details illustrations ;
Dimensions 28 cm
500 ## - GENERAL NOTE
General note Undergraduate Thesis (BSBM) -- Cavite State University-CCAT Campus, 2023.
504 ## - BIBLIOGRAPHY, ETC. NOTE
Bibliography, etc. note Includes bibliographical references and appendices.
546 ## - LANGUAGE NOTE
Language note In English text
650 ## - SUBJECT ADDED ENTRY--TOPICAL TERM
Topical term or geographic name entry element barter -- Internet-based exchange -- Philippines -- Cavite.
9 (RLIN) 18256
650 ## - SUBJECT ADDED ENTRY--TOPICAL TERM
Topical term or geographic name entry element Electronic commerce -- Philippines -- Cavite.
9 (RLIN) 18257
650 ## - SUBJECT ADDED ENTRY--TOPICAL TERM
Topical term or geographic name entry element Trading -- Social media platforms -- Philippines.
9 (RLIN) 18258
650 ## - SUBJECT ADDED ENTRY--TOPICAL TERM
Topical term or geographic name entry element Informal economy -- Philippines -- Cavite.
9 (RLIN) 18259
700 ## - ADDED ENTRY--PERSONAL NAME
Personal name Fajardo, Jay Ann G., author.
9 (RLIN) 18260
700 ## - ADDED ENTRY--PERSONAL NAME
Personal name Sarique, Leenshey G., author.
9 (RLIN) 18261
700 ## - ADDED ENTRY--PERSONAL NAME
Personal name Perez, Richard P., adviser.
9 (RLIN) 6637
700 ## - ADDED ENTRY--PERSONAL NAME
Personal name Mendoza, Xavier Lawrence D., technical critic.
9 (RLIN) 9284
942 ## - ADDED ENTRY ELEMENTS (KOHA)
Source of classification or shelving scheme Library of Congress Classification
Koha item type Thesis/Manuscripts/Dissertations
Classification part HF 5548.32 D43 2023
Call number prefix UM
Holdings
Withdrawn status Lost status Source of classification or shelving scheme Damaged status Not for loan Collection code Home library Current library Shelving location Date acquired Coded location qualifier Total Checkouts Full call number Barcode Date last seen Copy number Price effective from Koha item type
    Library of Congress Classification     Thesis/Manuscript/Dissertation Cavite State University - CCAT Campus Cavite State University - CCAT Campus TH 09/24/2025 UM   UM HF 5548.32 D43 2023 T0005460 01/22/2026 1 01/22/2026 Thesis/Manuscripts/Dissertations